How fast can you type A? - Statistics

General Stats
  • This quiz has been taken 124 times
  • The average score is 96 of 100
Answer Stats
Answer % Correct
A
100%
A
100%
A
100%
A
100%
A
100%
A
98%
A
97%
A
97%
A
97%
A
97%
A
97%
A
97%
A
97%
A
97%
A
97%
A
97%
A
97%
A
97%
A
97%
A
97%
A
97%
A
97%
A
97%
A
97%
A
97%
A
97%
A
97%
A
97%
A
97%
A
97%
A
97%
A
97%
A
97%
A
97%
A
97%
A
97%
A
97%
A
97%
A
97%
A
97%
A
97%
A
97%
A
95%
A
95%
A
95%
A
95%
A
95%
A
95%
A
95%
A
95%
A
95%
A
95%
A
95%
A
95%
A
95%
A
95%
A
95%
A
95%
A
95%
A
95%
A
95%
A
95%
A
95%
A
95%
A
95%
A
95%
A
95%
A
95%
A
95%
A
95%
A
95%
A
95%
A
95%
A
95%
A
95%
A
95%
A
95%
A
95%
A
95%
A
95%
A
95%
A
95%
A
95%
A
95%
A
95%
A
95%
A
95%
A
95%
A
95%
A
95%
A
95%
A
95%
A
95%
A
95%
A
95%
A
95%
A
95%
A
95%
A
95%
A
95%
No matching quizzes found
Score Distribution
Percent of People with Each Score
Percentile by Number Answered
Your Score History
You have not taken this quiz